[Event "Sao Paulo op"]
[Site "Sao Paulo"]
[Date "2023.06.24"]
[Round "3"]
[White "Capelo, Martinho Figueira"]
[Black "Nunes, Kemuel Wesley"]
[Result "1-0"]
[WhiteElo "1771"]
[BlackElo "1744"]
[PlyCount "105"]
[EventDate "2023.06.23"]
[EventType "swiss"]
[EventRounds "6"]
[EventCountry "BRA"]
[SourceTitle "CBM 214 Extra"]
[Source "ChessBase"]
[SourceDate "2023.07.31"]
[SourceVersion "1"]
[SourceVersionDate "2023.07.31"]
[SourceQuality "1"]

1. e4 e6 2. d4 d5 3. e5 c5 4. c3 Nc6 5. Nf3 Qb6 6. Bd3 cxd4 7. 0-0 Nh6 8. Nbd2 dxc3 9. bxc3 Be7 10. Rb1 Qc7 11. Re1 0-0 12. Nf1 Ng4 13. Bf4 f6 14. exf6 Qxf4 15. fxe7 Nxe7 16. Rb4 Nxf2 17. Rxf4 Nxd1 18. Rxf8+ Kxf8 19. Rxd1 Bd7 20. Ne5 Ba4 21. Rb1 Nc6 22. Nxc6 Bxc6 23. Re1 Kf7 24. Bxh7 g6 25. Bxg6+ Kxg6 26. Rxe6+ Kf5 27. Re7 Kf6 28. Re3 Rd8 29. Nd2 d4 30. Rd3 Ke5 31. cxd4+ Rxd4 32. Nf3+ Bxf3 33. Rxd4 Kxd4 34. gxf3 b5 35. Kf1 a5 36. Ke1 b4 37. Kd2 a4 38. h4 b3 39. axb3 axb3 40. h5 Ke5 41. Kc3 b2 42. Kxb2 Kf6 43. f4 Kg7 44. f5 Kh7 45. f6 Kh6 46. Kc3 Kg5 47. f7 Kxh5 48. f8Q Kg6 49. Kd4 Kh7 50. Ke5 Kg6 51. Qg8+ Kh6 52. Kf5 Kh5 53. Qh8# 1-0

[Event "Sao Paulo op"]
[Site "Sao Paulo"]
[Date "2023.06.23"]
[Round "2"]
[White "Nunes, Kemuel Wesley"]
[Black "Pereira, Fernando Borsatto"]
[Result "1-0"]
[WhiteElo "1744"]
[BlackElo "1800"]
[PlyCount "91"]
[EventDate "2023.06.23"]
[EventType "swiss"]
[EventRounds "6"]
[EventCountry "BRA"]
[SourceTitle "CBM 214 Extra"]
[Source "ChessBase"]
[SourceDate "2023.07.31"]
[SourceVersion "1"]
[SourceVersionDate "2023.07.31"]
[SourceQuality "1"]

1. c4 c5 2. Nc3 Nf6 3. g3 e6 4. Bg2 Nc6 5. Nf3 g6 6. d3 Bg7 7. 0-0 0-0 8. a3 a6 9. Rb1 d5 10. cxd5 Nxd5 11. Bd2 Rb8 12. Nxd5 exd5 13. Qc2 Qe7 14. e3 Bd7 15. Rfc1 b6 16. Bc3 d4 17. exd4 Nxd4 18. Nxd4 cxd4 19. Bb4 Qe6 20. Bxf8 Bxf8 21. Qc4 Qxc4 22. Rxc4 Bg7 23. Rc7 Bb5 24. Bd5 Rf8 25. Bc4 Bxc4 26. Rxc4 b5 27. Rc6 Ra8 28. Rbc1 Bh6 29. Rc8+ Rxc8 30. Rxc8+ Kg7 31. Rd8 Bc1 32. Rxd4 Bxb2 33. Rd6 a5 34. Rb6 Bxa3 35. Rxb5 Bb4 36. Kf1 Bc3 37. Rb3 Bb4 38. Ke2 h5 39. Ke3 Kf6 40. Ke4 Ke6 41. d4 f5+ 42. Kd3 Kd5 43. Rb1 g5 44. Rb2 Kc6 45. Kc4 Kd6 46. Re2 1-0

[Event "Mogi Guacu City-ch 3rd"]
[Site "Mogi Guacu"]
[Date "2023.03.19"]
[Round "9"]
[White "Nunes, Kemuel Wesley"]
[Black "Pereira, Thiago Henrique"]
[Result "1/2-1/2"]
[WhiteElo "1800"]
[BlackElo "1750"]
[PlyCount "58"]
[EventDate "2023.03.17"]
[EventType "tourn"]
[EventRounds "9"]
[EventCountry "BRA"]
[SourceTitle "CBM 213 Extra"]
[Source "ChessBase"]
[SourceDate "2023.05.31"]
[SourceVersion "1"]
[SourceVersionDate "2023.05.31"]
[SourceQuality "1"]

1. c4 Nf6 2. Nc3 e6 3. g3 c6 4. Bg2 d5 5. cxd5 exd5 6. e3 Bd6 7. Nge2 0-0 8. 0-0 Bf5 9. d4 Nbd7 10. b3 Re8 11. Bb2 b5 12. Rc1 Rc8 13. h3 Nb6 14. a3 Qe7 15. a4 bxa4 16. Nxa4 Nxa4 17. bxa4 Qd7 18. Kh2 Rb8 19. Ba1 h5 20. Qe1 Ne4 21. Nc3 Ng5 22. Qe2 g6 23. h4 Nh7 24. e4 dxe4 25. Bxe4 Bxe4 26. Nxe4 f5 27. Qc4+ Kf8 28. Qxc6 Qxc6 29. d5 Qd7 1/2-1/2

[Event "Mogi Guacu City-ch 3rd"]
[Site "Mogi Guacu"]
[Date "2023.03.19"]
[Round "7"]
[White "Nunes, Kemuel Wesley"]
[Black "Trindade, Renan"]
[Result "0-1"]
[WhiteElo "1800"]
[BlackElo "1767"]
[PlyCount "74"]
[EventDate "2023.03.17"]
[EventType "tourn"]
[EventRounds "9"]
[EventCountry "BRA"]
[SourceTitle "CBM 213 Extra"]
[Source "ChessBase"]
[SourceDate "2023.05.31"]
[SourceVersion "1"]
[SourceVersionDate "2023.05.31"]
[SourceQuality "1"]

1. c4 e5 2. g3 Nf6 3. Bg2 Bc5 4. Nc3 Nc6 5. e3 0-0 6. Nge2 d6 7. 0-0 Bf5 8. d4 Bb6 9. h3 Re8 10. a3 a6 11. b4 Qe7 12. Bb2 Rad8 13. Na4 exd4 14. Nxd4 Nxd4 15. exd4 d5 16. c5 Ba7 17. Bc1 h6 18. Bf4 b5 19. Nc3 c6 20. Re1 Qd7 21. Kh2 Bb8 22. Bxb8 Rxb8 23. Rxe8+ Rxe8 24. a4 Be4 25. Bxe4 Nxe4 26. Nxe4 dxe4 27. axb5 axb5 28. Qd2 Rd8 29. Ra6 Qe6 30. Ra1 Qc4 31. Rd1 f6 32. Kg2 Kf7 33. f3 f5 34. Qf4 Qe2+ 35. Kh1 Qxd1+ 36. Kg2 Qe2+ 37. Kh1 Qxf3+ 0-1

[Event "Mogi Guacu City-ch 3rd"]
[Site "Mogi Guacu"]
[Date "2023.03.18"]
[Round "6"]
[White "Escanavaqui, Joao Pedro Torriani"]
[Black "Nunes, Kemuel Wesley"]
[Result "0-1"]
[WhiteElo "1738"]
[BlackElo "1800"]
[PlyCount "46"]
[EventDate "2023.03.17"]
[EventType "tourn"]
[EventRounds "9"]
[EventCountry "BRA"]
[SourceTitle "CBM 213 Extra"]
[Source "ChessBase"]
[SourceDate "2023.05.31"]
[SourceVersion "1"]
[SourceVersionDate "2023.05.31"]
[SourceQuality "1"]

1. c4 c5 2. Nc3 Nc6 3. g3 g6 4. Bg2 Bg7 5. e3 Nh6 6. Nge2 Nf5 7. d4 cxd4 8. exd4 Ncxd4 9. Bh6 Nxe2 10. Bxg7 Nxc3 11. bxc3 Nxg7 12. 0-0 Qc7 13. Qe2 Nf5 14. g4 Nh4 15. Rfe1 e6 16. Qe3 Nxg2 17. Kxg2 b6 18. Qh6 Bb7+ 19. Kf1 Qxc4+ 20. Kg1 Qxg4+ 21. Kf1 Bg2+ 22. Kg1 Bh3+ 23. Kh1 Qg2# 0-1

[Event "Mogi Guacu City-ch 3rd"]
[Site "Mogi Guacu"]
[Date "2023.03.18"]
[Round "4"]
[White "Nunes, Kemuel Wesley"]
[Black "Sanchez, Ivan Roberto"]
[Result "0-1"]
[WhiteElo "1800"]
[BlackElo "1730"]
[PlyCount "64"]
[EventDate "2023.03.17"]
[EventType "tourn"]
[EventRounds "9"]
[EventCountry "BRA"]
[SourceTitle "CBM 213 Extra"]
[Source "ChessBase"]
[SourceDate "2023.05.31"]
[SourceVersion "1"]
[SourceVersionDate "2023.05.31"]
[SourceQuality "1"]

1. c4 e5 2. g3 Bc5 3. Bg2 Nf6 4. Nc3 0-0 5. e3 c6 6. Nge2 d6 7. 0-0 Bg4 8. d4 Bb6 9. h3 Be6 10. b3 Qc8 11. Kh2 Rd8 12. Bb2 Bc7 13. Qc2 Bf5 14. e4 Bg6 15. d5 Na6 16. Rad1 Bb6 17. a3 Nc7 18. Na4 c5 19. Nxb6 axb6 20. Nc3 Ra5 21. Rc1 Qd7 22. Na4 Ra6 23. Rfe1 b5 24. cxb5 Nxb5 25. Bf1 Ra7 26. Nb6 Qe8 27. a4 Nc7 28. b4 Nfxd5 29. bxc5 Nb4 30. Qb3 dxc5 31. Rxc5 Nc6 32. Bxe5 Na6 0-1

[Event "Mogi Guacu City-ch 3rd"]
[Site "Mogi Guacu"]
[Date "2023.03.17"]
[Round "2"]
[White "Nunes, Kemuel Wesley"]
[Black "Chagas, Diogo Martin"]
[Result "0-1"]
[WhiteElo "1800"]
[BlackElo "1850"]
[PlyCount "48"]
[EventDate "2023.03.17"]
[EventType "tourn"]
[EventRounds "9"]
[EventCountry "BRA"]
[SourceTitle "CBM 213 Extra"]
[Source "ChessBase"]
[SourceDate "2023.05.31"]
[SourceVersion "1"]
[SourceVersionDate "2023.05.31"]
[SourceQuality "1"]

1. c4 d6 2. Nc3 g6 3. g3 Bg7 4. Bg2 Nf6 5. e4 c5 6. Nge2 0-0 7. 0-0 Nc6 8. d3 Rb8 9. Rb1 a6 10. a3 b5 11. Bd2 bxc4 12. dxc4 Be6 13. Nd5 Bd7 14. f4 Nxd5 15. cxd5 Nd4 16. Bc3 Nxe2+ 17. Qxe2 Bb5 18. Qf3 Bxf1 19. Rxf1 Bxc3 20. Qxc3 Qb6 21. Rf2 Qb3 22. Qc1 Rb6 23. f5 Qa4 24. Qh6 Qd4 0-1